Представление документа в формате RUSMARC

ПолеНазваниеЗначение
  Тип записи a
  Библиографический уровень a
001 Контрольный номер RU/CBS_UL/BASE/9f546c143ff747cdad12cb098c966451
005 Дата корректировки 20240313112113.6
100 Данные общей обработки __
a Данные общей обработки 20240313 ||| 0rusy0189 ca
101 Язык документа 0_
a Язык текста rus
102 Страна публикации __
a Страна публикации RU
200 Заглавие и сведения об ответственности 1_
a Заглавие Пути формирования финансовой грамотности у дошкольников
f Первые сведения об ответственности Н. Шошина
300 Общие примечания __
a Общие примечания 0+
461 Уровень набора _0
1 2000
a Дошкольная педагогика
463 Уровень физической единицы _0
1 2000
a № 9
v С. 14-17
1 2101
d 2023
1 001RU/CBS_UL/BASE/1779d54fbb2e480b988d4f3977c4360a
606 Тематические рубрики 0_
a Основная рубрика Дошкольное воспитание - Обучение экономике
610 Ключевые слова 0_
a Ключевые слова дошкольная педагогика
610 Ключевые слова 0_
a Ключевые слова дошкольное воспитание
610 Ключевые слова 0_
a Ключевые слова финансовое просвещение дошкольников
610 Ключевые слова 0_
a Ключевые слова формирование финансовой грамотности у дошкольников
610 Ключевые слова 0_
a Ключевые слова финансовая грамотность для дошкольников
610 Ключевые слова 0_
a Ключевые слова финансовая грамотность
686 Индексы других классификаций __
2 Код системы rubbk
a Классификационный индекс 74.102
700 Автор _1
a Фамилия Шошина
b Имя (инициалы) Н.
801 Источник записи _0
a Страна RU
b Организация МБУК ЦБС г. Ульяновска
c Дата составления 20240313
g Правила каталогизации RCR
801 Источник записи _1
a Страна RU
b Организация МБУК ЦБС г. Ульяновска
c Дата составления 20240313
g Правила каталогизации RCR
901 Тип документа __
t Тип документа b
w Контрольный № источника RU/CBS_UL/BASE/1779d54fbb2e480b988d4f3977c4360a
909 Создатель записи __
a Создатель записи oibd1